000 00344nam a2200133Ia 4500
005 20251222155101.0
008 251222s9999||||xx |||||||||||||| ||spa||
082 _aREL.156
100 _aPERESSON TONELLI, Mario.
245 0 _aEducar para la solidaridad Enfoque teológico-Pastoral
250 _a1ra. ed.
264 _bSalesiana
942 _cLIB
999 _c37676
_d37676